Statistics for countries by picture

Click here to take the quiz!

General Stats

  • This quiz has been taken 32 times
  • The average score is 45 of 88

Answer Stats

Answer% Correct
australia
96%
brazil
93%
egypt
89%
germany
89%
russia
89%
japan
82%
mexico
82%
united kingdom
82%
greece
79%
united arab emirates
79%
north korea
75%
saudi arabia
75%
jordan
71%
malaysia
71%
mongolia
71%
netherlands
71%
peru
71%
thailand
71%
united states
71%
canada
68%
greece
68%
iceland
68%
india
68%
italy
68%
spain
68%
vatican city
68%
turkey
64%
france
61%
italy
61%
japan
61%
north korea
61%
austria
57%
cuba
57%
switzerland
57%
tanzania / kenya
57%
united kingdom
57%
egypt
54%
france
54%
hungary
54%
nepal
54%
venezuela
54%
vietnam
54%
afghanistan
50%
argentina
50%
croatia
50%
india
50%
iraq
50%
norway
50%
united states
50%
iraq
46%
myanmar
46%
norway
46%
taiwan
46%
ukraine
46%
united arab emirates
46%
mexico
43%
sudan
43%
belgium
39%
china
39%
ecuador
39%
indonesia
39%
south africa
39%
austria
36%
czech republic
36%
italy
36%
madagascar
36%
monaco
36%
nicaragua
36%
iran
32%
mali
32%
morocco
32%
portugal
32%
brazil
29%
indonesia
29%
israel/ palestine / jordan
29%
spain
29%
china
25%
namibia
25%
thailand
25%
ireland
21%
israel/palestine
21%
kazakhstan
18%
yemen
18%
new zealand
11%
pakistan
11%
russia
11%
sri lanka
11%
armenia / turkey
7%

Score Distribution

Percentile by Number Answered

Percent of People with Each Score

Your Score History

You have not taken this quiz